What is mathematics? : an elementary approach to ideas and methods /

Guardado en:
Autor Principal: Courant, Richard, 1888-1972.
Otros Autores: Robbins, Herbert.
Formato: Libro
Idioma:English
Publicado: London : Oxford University Press, c1969, c1941.
Edición:[4th ed.?].
Etiquetas: Agregar Etiqueta
Sin Etiquetas, Sea el primero en etiquetar este registro!
LEADER 00687cam a22001935a 4500
001 MAT.inmabb002277
008 721213s1941####enka#####b####001#0#eng#d
005 20130324170324.0
245 1 0 |a What is mathematics? :  |b an elementary approach to ideas and methods /  |c by Richard Courant and Herbert Robbins. 
250 |a [4th ed.?]. 
260 |a London :  |b Oxford University Press,  |c c1969, c1941. 
300 |a xix, 521 p. :  |b il. ;  |c 24 cm. 
504 |a "Suggestions for further reading": p. 511-514. 
510 4 |a MR,  |c 3,144b 
100 1 |a Courant, Richard,  |d 1888-1972. 
700 1 |a Robbins, Herbert. 
084 |a 00A05  |2 msc2000 
010 |a  41025632  
859 |h 00A05  |i C858  |p A-3944  |b BIB. MATEMATICA